000 00383nam a2200157Ia 4500
008 230711s9999||||xx |||||||||||||| ||und||
041 _aENG
082 _a624
_bSH-A
100 _aSherwood,P.T
245 0 _aAlternative materials in road construction
250 _a2nd Ed.
260 _c2007
_aNLondon
_bThomas Telford
300 _a163
650 _aCivil Engineering
942 _cBK
999 _c4998
_d4998